Opodstatnenost využívania ochrannej známky v podnikatelskej činnosti diplomová práca

Gespeichert in:
Bibliographische Detailangaben
1. Verfasser: Divincová, Alexandra
Körperschaft: Fakulta podnikového manažmentu EU. Katedra podnikovohospodárska
Weitere Verfasser: Križan, Martin
Format: Buch
Sprache:Slowakisch
Veröffentlicht: Bratislava 2012
Tags: Tag hinzufügen
Keine Tags, Fügen Sie das erste Tag hinzu!

MARC

LEADER 00000nbm a2200000 4500
001 0152466
005 20161109102039.1
041 0 |a slo 
044 |a SK 
245 1 0 |a Opodstatnenost využívania ochrannej známky v podnikatelskej činnosti  |b diplomová práca  |c Alexandra Divincová ; školiteľ: Martin Križan 
264 1 |a Bratislava  |c 2012 
300 |a 88 s. 
100 1 |a Divincová, Alexandra 
700 1 |a Križan, Martin 
710 2 |a Fakulta podnikového manažmentu EU. Katedra podnikovohospodárska